000 00610nam a2200169 a 4500
008 080109s1983 ||||||||||||||||| || u
020 _a0070369836
050 _aQA 76 Led
100 _aLedgard, Henry
245 1 0 _aFrom Baker street to binary: an introduction to computers...with Sherlock Holmes
260 _aNew York:
_bMcGraw-Hill
_c1983
300 _ax, 277p. : ill.
350 _a0.00
650 _aCOMPUTERS
650 _aCOMPUTER PROGRAMMING
995 _D0.00
_FCBU-MAIN LIBRARY (Kitwe)
_H1
_I10.95
_M1
_UAVAILABLE
_ZAnnex Low-Usage Collection
999 _c44002
_d44002